Известия Саратовского университета (Запись № 3957187)

Подробности
000 -МАРКЕР
контрольное поле 03182nas1a22004211i 4500
001 - ИДЕНТИФИКАТОР ЗАПИСИ
контрольное поле RU\NLR\Per\484789
005 - ИДЕНТИФИКАТОР ВЕРСИИ
контрольное поле 20260407111418.0
011 ## - МЕЖДУНАРОДНЫЙ СТАНДАРТНЫЙ НОМЕР СЕРИАЛЬНОГО ИЗДАНИЯ (ISSN)
Номер (ISSN) 1814-733X
011 ## - МЕЖДУНАРОДНЫЙ СТАНДАРТНЫЙ НОМЕР СЕРИАЛЬНОГО ИЗДАНИЯ (ISSN)
Номер (ISSN) 1817-7115
035 ## - ДРУГИЕ СИСТЕМНЫЕ НОМЕРА
Идентификатор записи (NLR Aleph) 002660994
100 ## - ДАННЫЕ ОБЩЕЙ ОБРАБОТКИ
Данные общей обработки 20070301b20052015|||y0rusy50 ca
101 0# - ЯЗЫК РЕСУРСА
Язык текста, звукозаписи и т.д. русский
102 ## - СТРАНА ПУБЛИКАЦИИ ИЛИ ПРОИЗВОДСТВА
Страна публикации Российская Федерация
110 ## - ПОЛЕ КОДИРОВАННЫХ ДАННЫХ: ПРОДОЛЖАЮЩИЕСЯ РЕСУРСЫ
Кодированные данные продолжающегося ресурса ah|||||||||
200 1# - ЗАГЛАВИЕ И СВЕДЕНИЯ ОБ ОТВЕТСТВЕННОСТИ
Основное заглавие Известия Саратовского университета
Наименование части Новая серия
-- Серия "Филология. Журналистика"
Сведения, относящиеся к заглавию научный журнал
Первые сведения об ответственности Сарат. гос. ун-т им. Н.Г. Чернышевского
210 ## - ПУБЛИКАЦИЯ, РАСПРОСТРАНЕНИЕ И ДР.
Место издания, распространения и т.д. Саратов
Имя издателя, распространителя и т. д. Саратовский государственный университет
Дата издания, распространения и т.д. 2005 - 2015
311 ## - ПРИМЕЧАНИЯ, ОТНОСЯЩИЕСЯ К ПОЛЯМ СВЯЗИ (ПРИМЕЧАНИЯ О СВЯЗИ С ДРУГИМИ ПРОИЗВЕДЕНИЯМИ (ИЗДАНИЯМИ))
Текст примечания Образовано в результате разделения: Известия Саратовского государственного университета, ISSN 1609-0187, ISSN 1814-733X (Шифр: П1/129) и продолжает его нумерацию
311 ## - ПРИМЕЧАНИЯ, ОТНОСЯЩИЕСЯ К ПОЛЯМ СВЯЗИ (ПРИМЕЧАНИЯ О СВЯЗИ С ДРУГИМИ ПРОИЗВЕДЕНИЯМИ (ИЗДАНИЯМИ))
Текст примечания Продолжается как: Саратовский национальный исследовательский государственный университет им. Н. Г. Чернышевского. Известия Саратовского университета. Новая серия. Серия Филология. Журналистика
431 #0 - ПРОДОЛЖЕН ЧАСТИЧНО
Встроенное поле 2001#$aИзвестия Саратовского государственного университета
-- 011$a1609-0187
-- 011$a1814-733X
Заглавие Известия Саратовского государственного университета
440 #0 - ПРОДОЛЖАЕТСЯ ПОД ...
Встроенное поле 2001#$aИзвестия Саратовского университета. Новая серия. Серия Филология. Журналистика
-- 71002$3RU\NLR\AUTH\880428088$aСаратовский национальный исследовательский государственный университет им. Н. Г. Чернышевского
Заглавие Известия Саратовского университета. Новая серия. Серия Филология. Журналистика
Автор Саратовский национальный исследовательский государственный университет им. Н. Г. Чернышевского
606 1# - НАИМЕНОВАНИЕ ТЕМЫ КАК ПРЕДМЕТ
Наименование темы Филология
Формальный подзаголовок Периодические издания
Системный номер авторитетной/нормативной записи 921663
Идентификатор авторитетной/нормативной записи RU\NLR\AUTH\6619068
606 ## - НАИМЕНОВАНИЕ ТЕМЫ КАК ПРЕДМЕТ
Наименование темы Журналистика
Формальный подзаголовок Периодические издания
Системный номер авторитетной/нормативной записи 1424082
Идентификатор авторитетной/нормативной записи RU\NLR\AUTH\66289940
686 1# - ИНДЕКСЫ ДРУГИХ КЛАССИФИКАЦИЙ
Индекс Ш.я54(2)3
686 1# - ИНДЕКСЫ ДРУГИХ КЛАССИФИКАЦИЙ
Индекс Ч612я54(2)
710 02 - НАИМЕНОВАНИЕ ОРГАНИЗАЦИИ - ПЕРВИЧНАЯ ОТВЕТСТВЕННОСТЬ
Начальный элемент ввода Саратовский государственный университет им. Н. Г. Чернышевского
Системный номер авторитетной/нормативной записи 373195
Идентификатор авторитетной/нормативной записи RU\NLR\AUTH\889939158
801 #0 - ИСТОЧНИК ЗАПИСИ
Страна Российская Федерация
Организация NLR
Правила каталогизации PSBO
801 #1 - ИСТОЧНИК ЗАПИСИ
Страна Российская Федерация
Организация NLR
Дата составления 20070301
Источник данных rusmarc
801 #2 - ИСТОЧНИК ЗАПИСИ
Страна Российская Федерация
Организация NLR
Дата составления 20070301
Источник данных rusmarc
852 ## - МЕСТОНАХОЖДЕНИЕ И ШИФР ХРАНЕНИЯ
Идентификатор организации NLR
Шифр хранения (Call Number) П35/889
942 ## - ДОПОЛНИТЕЛЬНЫЕ ЭЛЕМЕНТЫ ЗАПИСИ (АБИС)
Тип экземпляра АБИС Журнал
980 ## - КОЛЛЕКЦИЯ
Название коллекции Русская периодика

Нет доступных экземпляров.